Estatísticas para Times da NFL

Clique aqui para jogar o quiz

Estatísticas Gerais

  • Esse quiz foi jogado 2 221 vezes
  • A pontuação média é 24 de 32

Estatísticas das Respostas

Times% Correto
New England Patriots
92%
New York Jets
87%
Miami Dolphins
86%
Kansas City Chiefs
85%
New York Giants
83%
Green Bay Packers
82%
San Francisco 49ers
82%
Dallas Cowboys
81%
Los Angeles Rams
80%
Philadelphia Eagles
80%
Oakland Raiders
79%
Baltimore Ravens
77%
Cincinnati Bengals
77%
Minnesota Vikings
77%
Buffalo Bills
76%
Los Angeles Chargers
76%
Seattle Seahawks
76%
Pittsburgh Steelers
75%
Chicago Bears
74%
Denver Broncos
73%
Atlanta Falcons
72%
Detroit Lions
72%
Cleveland Browns
71%
Arizona Cardinals
70%
Carolina Panthers
70%
Jacksonville Jaguars
70%
Tampa Bay Buccaneers
70%
Houston Texans
69%
New Orleans Saints
66%
Indianapolis Colts
65%
Tennessee Titans
64%
Washington Redskins
63%

Distribuição das Pontuações

Percentil de Números Respondidos

Porcentagem de Pessoas com Cada Pontuação

Sua Pontuação Histórica

Você não jogou esse quiz